Nursing Foundation/ (Record no. 602)

MARC details
000 -LEADER
Fixed length control field 00507nam a2200193Ia 4500
003 - CONTROL NUMBER IDENTIFIER
Control field IIN
005 - DATE AND TIME OF LATEST TRANSACTION
Control field 20250430104656.0
008 - FIXED-LENGTH DATA ELEMENTS--GENERAL INFORMATION
Fixed length control field 231217s2013 xx ad 001 0 eng d
020 ## - INTERNATIONAL STANDARD BOOK NUMBER / ISBN
Price Rs.1250.00
International Standard Book Number 9789357905265
040 ## - CATALOGING SOURCE
Original cataloging agency IIN
Language of cataloging English
082 ## - DEWEY DECIMAL CLASSIFICATION NUMBER
Classification number 610.73
Book Number BAS
100 1# - MAIN ENTRY--PERSONAL NAME
Personal name Basavanthappa, B.T.
245 1# - TITLE STATEMENT
Title Nursing Foundation/
Statement of responsibility B.T. Basavanthappa
260 ## - IMPRINT
Name of publisher Jaypee
Place of publication New Delhi
Date of publication 2013
300 ## - PHYSICAL DESCRIPTION
Page / Vol. No xvi, 966 p.
Other physical details ill.
500 ## - GENERAL NOTE
General note Includes Index
650 1# - SUBJECT ADDED ENTRY--TOPICAL TERM
Topical term Foundation
Form subdivision Nursing
942 ## - ADDED ENTRY ELEMENTS (KOHA)
Koha item type Books
Holdings
Withdrawn status Lost status Source of classification Damaged status Not for loan Collection code Home library Current library Shelving location Date acquired Price Total Checkouts Call number Accession number Date last seen Copy number Price effective from Koha item type
    Dewey Decimal Classification     Purches Book IDEAL INSTITUTE OF NURSING IDEAL INSTITUTE OF NURSING General Stacks 17/12/2023 1250.00   610.73 BAS 597 17/12/2023 1 17/12/2023 Books
    Dewey Decimal Classification     Purches Book IDEAL INSTITUTE OF NURSING IDEAL INSTITUTE OF NURSING General Stacks 17/12/2023 1250.00   610.73 BAS 598 17/12/2023 2 17/12/2023 Books
    Dewey Decimal Classification     Purches Book IDEAL INSTITUTE OF NURSING IDEAL INSTITUTE OF NURSING General Stacks 17/12/2023 1250.00   610.73 BAS 599 17/12/2023 3 17/12/2023 Books
    Dewey Decimal Classification     Purches Book IDEAL INSTITUTE OF NURSING IDEAL INSTITUTE OF NURSING General Stacks 17/12/2023 1250.00   610.73 BAS 600 17/12/2023 3 17/12/2023 Books
    Dewey Decimal Classification     Purches Book IDEAL INSTITUTE OF NURSING IDEAL INSTITUTE OF NURSING General Stacks 17/12/2023 1250.00   610.73 BAS 601 17/12/2023 4 17/12/2023 Books
    Dewey Decimal Classification     Purches Book IDEAL INSTITUTE OF NURSING IDEAL INSTITUTE OF NURSING General Stacks 11/03/2025 1650.00   610.73 BAS 1943 30/04/2025 5 30/04/2025 Books
© Ideal Institute Of Nursing, All rights reserved.         Powered by Koha